| 000 | 00758nac a22002531u 4500 | ||
|---|---|---|---|
| 003 | EG-ScBUE | ||
| 005 | 20220220104235.0 | ||
| 008 | 120603s1989 le f 000 1deeng d | ||
| 020 | _a9953104409 | ||
| 040 |
_aEG-ScBUE _beng _erda _cEG-ScBUE _dEG-ScBUE |
||
| 082 | 0 | 4 |
_a822.2 _bEVE _222 |
| 245 | 0 | 0 |
_aEveryman : _bWith an introduction, a guide, notes and a glossary. |
| 264 | 1 |
_aBeirut : _bYork Press, _c1989. |
|
| 300 |
_axviii, 59 pages ; _c18 cm. |
||
| 336 |
_2rdacontent _atext _btxt |
||
| 337 |
_2rdamedia _aunmediated _bn |
||
| 338 |
_2rdacarrier _avolume _bnc |
||
| 490 | 0 | _aYork classics | |
| 650 | 7 |
_aChristian ethics _vDrama. _929987 _2BUEsh |
|
| 651 | _2BUEsh | ||
| 653 |
_bHHUUEENN _cFebruary2022 |
||
| 655 |
_vReading book _934232 |
||
| 942 |
_cBB _2ddc |
||
| 999 |
_c236 _d236 |
||